000 00771nam a22002417a 4500
005 20170124105920.0
010 _aB-31334
020 _c00
_a8176251089
035 _aB-31334
037 _bCen Lib/Ret
040 _aDPL
_bEN
082 _a307.772
_bPAD
100 _aPadhy, Kishore C.
_94140
245 _aThe challenges of tribal development :
_cby Kishore C. Padhy
_bessay in honour of dr. N. Patnayak /
246 _b
260 _bSarup and Sons
_c2000
_aNew Delhi
270 _bNew Delhi
_a4740/23, ansari road, dariya ganj
_e110002
300 _av, 243p.
_c21cm(Hb)
500 _aIncludes bibliographical reference
650 _aSocial Sciences
_z
_987512
650 _aCultura Dimensions
_94142
942 _2ddc
_cEN
_h307.772
_mPAD
999 _c123101
_d123101